| 000 | 00463nam a2200169 a 4500 | ||
|---|---|---|---|
| 001 | 0667 | ||
| 005 | 20140414131928.0 | ||
| 008 | 040915s19uu xx 00 eng d | ||
| 020 | _a0-563-38044-6 | ||
| 050 |
_aER _bT22 1997 |
||
| 245 |
_aTeletubbies: Tinky winky's bag / _cillustrations by Lucy Su. |
||
| 260 |
_aLondon : _bBBC Worldwide, _c1997. |
||
| 300 | _a1 v.p. : ill. ; cm. | ||
| 650 |
_aBag _xfiction. |
||
| 650 | _aChildren stories. | ||
| 999 |
_c112124 _d112124 |
||